| 000 | 01046nam a22003137a 4500 | ||
|---|---|---|---|
| 003 | CHAP | ||
| 005 | 20220817044430.0 | ||
| 008 | 110330s1963 it r 00010 spa d | ||
| 010 | _a100783 | ||
| 011 | _a101755 | ||
| 035 | _a112443 | ||
| 040 | _cCHAP | ||
| 082 | 0 | 0 |
_a664.06 _bF73 1959 |
| 111 | 2 |
_aComité Mixto FAO/OMS de Expertos en Aditivos Alimentarios _d(1956 : _cRoma) _925892 |
|
| 245 | 1 | 0 |
_aNormas de identidad y de pureza para los aditivos alimentarios : _bcolores alimentarios |
| 260 |
_aRoma : _bFAO, _cc1963 |
||
| 300 | _aLa biblioteca tiene : v.2 | ||
| 300 | _av. | ||
| 590 |
_aBATCH-UPD _b10 _c20130110 _lUCH01 _h1448 |
||
| 590 |
_aBATCH-UPD _b10 _c20130410 _lUCH01 _h0916 |
||
| 590 |
_aBATCH-UPD _b10 _c20130913 _lUCH01 _h2018 |
||
| 590 |
_aCONVERSION _b10 _c20130109 _lUCH01 _h1356 |
||
| 650 | 1 | 4 |
_aAditivos alimenticios. _9907 |
| 710 | 0 | _aFAO | |
| 710 | 0 |
_aOrganización Mundial de la Salud. _983555 |
|
| 901 | _aBK | ||
| 942 | _cLIBRO | ||
| 949 |
_a664.06 C73 1959 _bBC _cFAO _d33724002203702 _eFAO1 _gDonaciØn _h114387 _i112443 _st |
||
| 999 |
_c100783 _d100783 |
||